The vanishing adolescent

Uloženo v:
Podrobná bibliografie
Hlavní autor: Friedenberg, Edgar Z (Autor)
Médium: Kniha
Jazyk:angličtina
Vydáno: Nueva York Dell Publishing 1968
Edice:<A >Laurel Edition
Témata:
Tagy: Přidat tag
Žádné tagy, Buďte první, kdo vytvoří štítek k tomuto záznamu!

MARC

LEADER 00000nam a2200000 a 4500
001 UCU5739
003 CL-VaPUC
008 960614e19680000US |||||||||||||||||eng|d
082 0 4 |a 155.5  |b FRI  |2 21 
100 0 |a Friedenberg, Edgar Z  |e author  |9 363709 
245 1 4 |a The vanishing adolescent 
300 |a 223 p 
942 |c BK 
945 |d 19960614 00:00:00  |a rbrito 
260 |a Nueva York  |b Dell Publishing  |c 1968 
650 0 |a Adolescencia  |9 307361 
650 0 |a Juventud  |9 271073 
650 0 |a Adolescentes  |9 308058 
650 7 |a JUVENTUD URBANA  |2 CL-VaPUC  |9 337521 
583 |a last modification  |c 19960614 00:00:00  |k Rodrigo Vera 
490 0 |a <A >Laurel Edition 
999 |c 248936  |d 248934 
952 |0 0  |1 0  |4 0  |6 155_500000000000000_FRI_1968  |7 0  |8 P  |9 265889  |a BIBEDU  |b BIBEDU  |c BIBEDU_PB  |d 2019-11-19  |i 3183890  |o 155.5 FRI 1968  |p 3183890  |r 2024-01-25  |w 2019-11-19  |y BK  |k LIT